00738nam a2200193 i 4500001000300000245015800003260002100161490005600182700001900238830004900257040000800306041000800314080001000322942000700332008004100339999001700380856009800397952004900495bg 0aBadania nad współzależnością funkcji i formy w architekturze :bzastosowanie metod analizy matematyczno-logicznej /c[aut. Adam Szymski et al.]. aSzczecin,c1976.1 aPrace Naukowe Politechniki Szczecińskiej ;vnr 661 aSzymski, Adam. aPrace Naukowe Politechniki Szczecińskiej ; cBPK apol a72.00 cKS s pl f |000 0 pol  c27567d27567 uhttp://koha.tu.koszalin.pl/cgi-bin/koha/opac-detail.pl?biblionumber=27567yKatalog online BPK 00104070aBPKbBPKcwo22257p01681130yKS